000 00522nam a2200181Ia 4500
003 GCL
008 140319s9999 xx 000 0 aRus d
040 _aGCL /
_cGCL
082 0 4 _aCC
_b932
_bD C
100 1 _aEL-KHASHAB, A.
245 1 0 _aCATALOGUE DE LA BIBLIOTHEQUE DU MUSEE EGYTIEN DU CAIRE: 4 vols, d-z /
_cEL-KHASHAB, A.
700 1 _aDIA ABOU GHAZI
260 _a[S.N] :
_bSERVICE DES ANTIQUITES DE L'EGYPTE ،
_c1992
650 0 4 _aANCIENT EGYPT
650 0 4 _aCAIRO
650 0 4 _aARCHAEOLOGY
942 _2ddc
_cBK
999 _c21392
_d21392